Francisco Goya / (Registro nro. 60801)
[ vista simple ]
| 000 -LEADER | |
|---|---|
| fixed length control field | 00978cam a2200289 i 4500 |
| 001 - CONTROL NUMBER | |
| control field | 60801 |
| 003 - CONTROL NUMBER IDENTIFIER | |
| control field | Mx-PuUPA |
| 005 - DATE AND TIME OF LATEST TRANSACTION | |
| control field | 20200527205802.0 |
| 008 - FIXED-LENGTH DATA ELEMENTS--GENERAL INFORMATION | |
| fixed length control field | 140415s1967 nyuac r 000 0 eng d |
| 040 ## - CATALOGING SOURCE | |
| Original cataloging agency | Mx-PuUPA |
| Language of cataloging | spa |
| Transcribing agency | Mx-PuUPA |
| Modifying agency | Mx-PuUPA |
| Description conventions | rda |
| 041 0# - LANGUAGE CODE | |
| Language code of text/sound track or separate title | eng |
| 100 1# - MAIN ENTRY--PERSONAL NAME | |
| Personal name | Virch, Claus, |
| Relator term | autor |
| 245 10 - TITLE STATEMENT | |
| Title | Francisco Goya / |
| Statement of responsibility, etc. | Claus Virch |
| 264 #4 - PRODUCTION, PUBLICATION, DISTRIBUTION, MANUFACTURE, AND COPYRIGHT NOTICE | |
| Place of production, publication, distribution, manufacture | New York : |
| Name of producer, publisher, distributor, manufacturer | McGraw-Hill, |
| Date of production, publication, distribution, manufacture, or copyright notice | ©1967 |
| 300 ## - PHYSICAL DESCRIPTION | |
| Extent | 48 páginas : |
| Other physical details | ilustraciones, retratos ; |
| Dimensions | 29 cm + |
| Accompanying material | 1 planilla (20 diapositivas) |
| 336 ## - CONTENT TYPE | |
| Content type term | texto |
| Fuente | rdacontent |
| Content type code | txt |
| 336 ## - CONTENT TYPE | |
| Content type term | imagen fija |
| Fuente | rdacontent |
| Content type code | txt |
| 337 ## - MEDIA TYPE | |
| Media type term | sin medio |
| Source | rdamedia |
| Media type code | n |
| 337 ## - MEDIA TYPE | |
| Media type term | sin medio |
| Source | rdamedia |
| Media type code | n |
| 338 ## - CARRIER TYPE | |
| Carrier type term | volumen |
| Source | rdacarrier |
| Carrier type code | nc |
| 338 ## - CARRIER TYPE | |
| Carrier type term | diapositiva |
| Source | rdacarrier |
| Carrier type code | gs |
| 538 ## - SYSTEM DETAILS NOTE | |
| System details note | Filmina montada en un formato rígido para uso con un proyector de diapositivas. |
| 600 14 - SUBJECT ADDED ENTRY--PERSONAL NAME | |
| Personal name | Goya, Francisco de, 1746 - 1828 |
| 942 ## - ADDED ENTRY ELEMENTS (KOHA) | |
| Source of classification or shelving scheme | Dewey Decimal Classification |
| Koha item type | Libro |
| Classification part | 920 |
| Item part | V813 |
| Withdrawn status | Lost status | Source of classification or shelving scheme | Damaged status | Not for loan | Collection code | Home library | Current library | Shelving location | Date acquired | Source of acquisition | Total Checkouts | Full call number | Barcode | Price effective from | Koha item type | Date last seen |
|---|---|---|---|---|---|---|---|---|---|---|---|---|---|---|---|---|
| Dewey Decimal Classification | Consulta en sala | Audiovisual | Biblioteca Karol Wojtyla | Biblioteca Karol Wojtyla | Procesos técnicos | 03/12/2013 | Compra | 920 V813 1967 | 47776 | 03/12/2013 | Microforma | |||||
| Dewey Decimal Classification | General | Biblioteca Karol Wojtyla | Biblioteca Karol Wojtyla | Sala general | 03/12/2013 | Compra | 920 V813 1967 | 9284 | 03/12/2013 | Libro | 05/01/2026 |